Geometria pre pedagogické školy

Podrobná bibliografia
Hlavní autori: Vyšín, Jan, 1908-1983 (Autor), Kraemer, Emil, 1910-2001 (Autor)
Ďalší autori: Heger, Milan (prekladateľ) (Prekladateľ)
Médium: Kniha
Jazyk:slovenčina
čeština
Fyzický popis:254, [3] s. diagramy, grafy, ilustr., pozn., tb. 8°
Vydavateľské údaje: Bratislava Slovenské pedagogické nakladateľstvo 1963
Predmet:

MARC

LEADER 00000cam a2200000 a 4500
001 vtls008350377
003 SK-MaSNL
005 20260302092226.0
008 251001s1963 xo a drp 000 0 slo
015 |a SNBA1963/11-02169 
020 |q (viazané) 
035 |a SK01SNK19630042594 
035 |a EE03158B-A1CA-4948-BB1C-14AF16047D74 
035 |a urn:nbn:sk:snk-am00iflb 
035 |a SKM000045057 
040 |a SNK  |b slo  |c SNK  |e AACR2 
041 1 |a slo  |h cze 
044 |a xo  |c SK 
072 7 |a 514  |x Geometria  |2 konspekt 
080 |a 514(075.3)  |2 1981 
100 1 |a Vyšín, Jan,  |d 1908-1983  |4 aut  |9 200784 
245 1 0 |a Geometria pre pedagogické školy  |c spracovali Jan Vyšín a Emil Kraemer ; [z českého originálu preložil] Milan Heger 
260 |a Bratislava  |b Slovenské pedagogické nakladateľstvo  |c 1963  |e Bratislava  |f Pravda 
300 |a 254, [3] s.  |b diagramy, grafy, ilustr., pozn., tb.  |c 8° 
366 |e 3000 výtl. 
650 0 7 |a geometria  |2 SNKPH  |9 829 
655 7 |a učebnice stredných škôl  |2 SNKPH  |9 69323 
700 1 |a Kraemer, Emil,  |d 1910-2001  |4 aut  |9 86241 
700 1 |a Heger, Milan  |c (prekladateľ)  |4 trl  |9 211542 
852 |a Slovenská národná knižnica 
954 |a odborná, vedecká literatúra cudzojazyčná (svetová)  |2 lita 
958 |a EUIPO 
958 |a TL 
958 |a UC 
958 |a UP 
958 |a CZ 
958 |a RK 
958 |a OND 
999 |c 1203821  |d 1205751 
952 |a SNK  |b SNK  |y VYP  |7 0  |p 17A0400004  |o snkSC 18172 D1  |i snkKSP 4515/63  |8 0  |0 0  |1 0  |4 0  |d 2003-10-09  |l 0  |r 2005-01-02 00:00:00  |w 2026-02-24 
952 |a SNK  |b SNK  |y PREZ  |7 0  |p 17A0883267  |o snkSC 18172  |i snkKSP 4514/63  |0 0  |1 0  |4 0  |d 2020-05-12  |f 1  |l 0  |r 2025-07-25 00:00:00  |w 2026-02-24